|
|
|
|
| LEADER |
01628nam a2200277 a 4500 |
| 001 |
GR-Patra31024 |
| 008 |
110826s2011 ne g b 001 b eng d |
| 020 |
|
|
|z 9780240820750
|
| 082 |
|
0 |
|a 621.38284
|2 23
|
| 100 |
1 |
|
|a Rayburn, Ray A.
|
| 245 |
1 |
0 |
|a Eargle's microphone book :
|b from mono to stereo to surround: a guide to microphone design and application /
|c Ray A. Rayburn.
|
| 250 |
|
|
|a 3rd ed.
|
| 260 |
|
|
|a Amsterdam :
|b Elsevier,
|c c2011
|
| 300 |
|
|
|a xiv, 466 σ. :
|b εικ.
|
| 500 |
|
|
|a Το αντίτυπο με αρ.εισαγωγής 51113 βρίσκεται στην Βιβλιοθήκη του Παραρτήματος Πύργου του Τμήματος Πληροφορικής και ΜΜΕ.
|
| 500 |
|
1 |
|a Eargle, John. Microphone book.
|
| 504 |
|
|
|a Περιλαμβάνει βιβλιογραφικές παραπομπές (σ. 449-453) και ευρετήριο.
|
| 650 |
|
0 |
|a Microphone
|
| 650 |
|
0 |
|a Microphone
|x Design
|
| 710 |
0 |
|
|a Elsevier
|
| 942 |
|
|
|2 ddc
|
| 952 |
|
|
|0 0
|1 0
|2 ddc
|4 0
|6 621_382840000000000_RAY
|7 0
|9 313524
|a LISK
|b LISK
|c BSC
|d 2021-01-17
|e 24
|f 0
|g 0.00
|l 0
|o 621.38284 RAY
|p 92410051113
|r 2021-01-17 00:00:00
|t 1
|w 2021-01-17
|y BK15
|x 20120511 0 1
|x GrPaTEI
|
| 952 |
|
|
|0 0
|1 0
|2 ddc
|4 0
|6 621_382840000000000_RAY
|7 1
|9 313525
|a LISK
|b LISK
|c BSC
|d 2021-01-17
|e 24
|f 0
|g 0.00
|l 0
|o 621.38284 RAY
|p 92410051114
|r 2021-01-17 00:00:00
|t 1
|w 2021-01-17
|y BKN
|x 20120511 0 0
|x GrPaTEI
|
| 952 |
|
|
|0 0
|1 0
|2 ddc
|4 0
|6 621_382000000000000_84_RAY
|7 0
|9 370693
|a LISA
|b LISA
|c BSC
|d 2023-04-04
|i 17144
|l 0
|o 621.382 84 RAY
|p 025000279008
|r 2023-04-04 00:00:00
|t 3
|w 2023-04-04
|y BK15
|
| 971 |
|
|
|a .b26785961
|b 15-04-20
|c 26-09-16
|
| 999 |
|
|
|c 179389
|d 179389
|